[Event "XXVI C.to Italiano a squadre A1"]
[Site "ITA"]
[Date "1994.??.??"]
[Round "?"]
[White "Di Segni, Raffaele"]
[Black "Pietralunga, Nicola"]
[WhiteElo "2049"]
[BlackElo "1993"]
[Result "1/2-1/2"]
[PlyCount "96"]
[EventDate "1994.01.30"]

1. Nf3 d5 2. d4 Bf5 3. g3 e6 4. Bg2 Nf6 5. O-O Nbd7 6. c4 c6 7. Nc3 Be7 8. Nd2
O-O 9. e4 dxe4 10. Ndxe4 Nxe4 11. Nxe4 Nf6 12. Nxf6+ Bxf6 13. Be3 Qd7 14. Qd2
Rad8 15. Rfd1 b6 16. Rac1 c5 17. d5 exd5 18. cxd5 Rfe8 19. Rc4 Bg4 20. Rdc1 Be6
21. dxe6 Qxd2 22. exf7+ Kxf7 23. Bxd2 Rxd2 24. Re4 Bxb2 25. Rxe8 Kxe8 26. Re1+
Kd7 27. Kf1 Bc3 28. Bh3+ Kc6 29. Re2 Rd1+ 30. Kg2 Kb5 31. Bg4 Rd4 32. Bf5 h6
33. Be6 Kb4 34. h4 Rd1 35. Kf3 Bd4 36. g4 Rb1 37. Ke4 Ka3 38. f4 Rh1 39. h5 Bf6
40. Re3+ Kb4 41. Rb3+ Ka5 42. Ra3+ Kb4 43. Rb3+ Ka4 44. Bd7+ Ka5 45. Ra3+ Kb4
46. Rb3+ Ka5 47. Ra3+ Kb4 48. Rb3+ Ka5 1/2-1/2

[Event "XXVI C.to Italiano a squadre A1"]
[Site "ITA"]
[Date "1994.??.??"]
[Round "?"]
[White "Emanuelli, Renato"]
[Black "Ferretti, Folco"]
[Result "1/2-1/2"]
[WhiteElo "2245"]
[BlackElo "2290"]
[PlyCount "108"]
[EventDate "1994.01.30"]

1. d4 d5 2. c4 c6 3. Nc3 Nf6 4. Nf3 dxc4 5. a4 Bg4 6. Ne5 Bh5 7. Nxc4 e6 8. Bg5
Be7 9. Qb3 Na6 10. Bxf6 gxf6 11. Rd1 Nb4 12. g3 a5 13. Bg2 Rb8 14. Na3 O-O 15.
Rd2 f5 16. O-O Nd5 17. Nxd5 cxd5 18. Rc1 f6 19. Rdc2 Be8 20. Qe3 Qd6 21. Nb5
Bxb5 22. axb5 Bd8 23. Qa3 Qd7 24. Qc5 Be7 25. Qb6 Bd8 26. Qa7 Qd6 27. Rc8 Bb6
28. Qxb8 Qxb8 29. Rxb8 Rxb8 30. e3 Kf7 31. Kf1 Ke7 32. Ke1 Kd7 33. Kd2 Bc7 34.
Bf3 Bd6 35. Kd3 Ra8 36. Bd1 Bb4 37. Ba4 b6 38. Rc6 Rb8 39. Bb3 Bd6 40. f3 h5
41. e4 dxe4+ 42. fxe4 fxe4+ 43. Kxe4 f5+ 44. Kf3 Ke7 45. Bc2 Rb7 46. b3 Rc7 47.
d5 Rxc6 48. bxc6 Kf6 49. dxe6 Kxe6 50. h3 Kf6 51. Bd3 Ke5 52. Bc4 Kf6 53. Ba6
Kg5 54. Bc8 Kf6 1/2-1/2

[Event "XXVI C.to Italiano a squadre A1"]
[Site "ITA"]
[Date "1994.??.??"]
[Round "?"]
[White "Facchetti, Gianni"]
[Black "Sedina, Elena"]
[Result "0-1"]
[WhiteElo "2127"]
[BlackElo "2320"]
[PlyCount "74"]
[EventDate "1994.01.30"]

1. e4 e6 2. Qe2 c5 3. f4 Nc6 4. Nf3 d6 5. d3 g6 6. g3 Bg7 7. Bg2 Nge7 8. c3 O-O
9. O-O Rb8 10. Be3 b5 11. Qc2 b4 12. Nbd2 bxc3 13. bxc3 Ba6 14. a4 Qa5 15. Ra3
Rfc8 16. Nc4 Qd8 17. Rb1 d5 18. Rxb8 Rxb8 19. exd5 exd5 20. Nce5 Nxe5 21. Nxe5
d4 22. Bf2 Qd6 23. cxd4 cxd4 24. Ra1 Nf5 25. Re1 Ne3 26. Qc6 Qxc6 27. Bxc6 Nc2
28. Re2 Bxe5 29. Rxe5 Bxd3 30. Re7 Bf5 31. Bb5 d3 32. Bxa7 d2 33. Be2 Rb1+ 34.
Kf2 d1=Q 35. Bxd1 Rxd1 36. Re8+ Kg7 37. Ke2 Re1+ 0-1

[Event "XXVI C.to Italiano a squadre A1"]
[Site "ITA"]
[Date "1994.??.??"]
[Round "?"]
[White "Ferretti, Folco"]
[Black "Natalucci, Fabrizio"]
[Result "1-0"]
[WhiteElo "2290"]
[BlackElo "2265"]
[PlyCount "67"]
[EventDate "1994.01.30"]

1. e4 c5 2. c3 d5 3. exd5 Qxd5 4. d4 Nf6 5. Nf3 Nc6 6. dxc5 Qxc5 7. Na3 Ng4 8.
Qe2 Bf5 9. h3 Bd3 10. Qxd3 Qxf2+ 11. Kd1 Rd8 12. Qxd8+ Kxd8 13. hxg4 e5 14. Nc4
Bc5 15. b4 Be7 16. Be3 Qg3 17. b5 e4 18. Ne1 Ne5 19. Nxe5 Qxe5 20. Bd4 Qf4 21.
Kc2 Qxg4 22. Rd1 Kc8 23. Bxa7 b6 24. Rd4 Rd8 25. Bxb6 Rxd4 26. Bxd4 h5 27. Bc4
f5 28. a4 Bd8 29. b6 f4 30. a5 f3 31. a6 fxg2 32. Rg1 Qd7 33. a7 Kb7 34. Ba6+
1-0

[Event "XXVI C.to Italiano a squadre A1"]
[Site "ITA"]
[Date "1994.??.??"]
[Round "?"]
[White "Gaggiottini, Manfredo"]
[Black "Benvenuti, Carlo"]
[Result "1-0"]
[WhiteElo "2078"]
[BlackElo "2200"]
[PlyCount "71"]
[EventDate "1994.01.30"]

1. b4 Nf6 2. Bb2 d6 3. e3 e5 4. c4 Be7 5. Nc3 O-O 6. Rc1 a5 7. b5 Nbd7 8. Bd3
Nc5 9. Bb1 Bg4 10. f3 Bh5 11. Nce2 Nfd7 12. Nh3 Bg6 13. d3 Bg5 14. Kf2 Bh6 15.
g3 f5 16. f4 Bh5 17. Re1 Qe7 18. Qd2 Bxe2 19. Rxe2 b6 20. Rce1 Qf7 21. Kg1 Rae8
22. Nf2 Qh5 23. d4 Nb7 24. dxe5 Qf7 25. Bxf5 Qxf5 26. Qd5+ Qf7 27. Qxb7 dxe5
28. Qxc7 Rc8 29. Qd6 Rxc4 30. Ng4 Rb4 31. Bxe5 Nxe5 32. Nxe5 Qb7 33. Rc2 g6 34.
a3 Ra4 35. Rc7 Qe4 36. Qe7 1-0

[Event "XXVI C.to Italiano a squadre A1"]
[Site "ITA"]
[Date "1994.??.??"]
[Round "?"]
[White "Godena, Michele"]
[Black "Kovacevic, Vlatko"]
[Result "1/2-1/2"]
[WhiteElo "2480"]
[BlackElo "2485"]
[PlyCount "80"]
[EventDate "1994.01.30"]

1. e4 e6 2. d4 d5 3. Nd2 Nf6 4. e5 Nfd7 5. c3 c5 6. Bd3 Nc6 7. Ne2 a5 8. O-O
cxd4 9. cxd4 a4 10. Nf3 Be7 11. Nf4 Nb6 12. g3 Bd7 13. Re1 Nb4 14. Nh5 g6 15.
Nf6+ Bxf6 16. exf6 Qxf6 17. Bg5 Qg7 18. Ne5 Nxd3 19. Qxd3 f6 20. Nxd7 Qxd7 21.
Bxf6 O-O 22. Bg5 Nc4 23. Re2 Rf5 24. Bf4 g5 25. Be5 Raf8 26. b3 Rf3 27. Qc2
Nxe5 28. Rxe5 Rxf2 29. Rxg5+ Kh8 30. Qxf2 Rxf2 31. Kxf2 Qe7 32. Rg4 Qa3 33. Rf1
h5 34. Rh4 Qxa2+ 35. Kg1 Qxb3 36. Rxh5+ Kg7 37. Rg5+ Kh6 38. h4 Qe3+ 39. Kg2
Qxd4 40. g4 a3 1/2-1/2

[Event "XXVI C.to Italiano a squadre A1"]
[Site "ITA"]
[Date "1994.??.??"]
[Round "?"]
[White "Horvath, Zoltan"]
[Black "Albano, Marco"]
[Result "1/2-1/2"]
[WhiteElo "2350"]
[BlackElo "2230"]
[PlyCount "145"]
[EventDate "1994.01.30"]

1. e4 e5 2. Nf3 Nc6 3. Bb5 Nf6 4. O-O Bc5 5. Nxe5 Nxe5 6. d4 a6 7. dxe5 axb5 8.
exf6 Qxf6 9. Nc3 c6 10. Qd3 O-O 11. Nd1 d5 12. exd5 Bf5 13. Qf3 Bxc2 14. Qxf6
gxf6 15. dxc6 bxc6 16. Be3 Be7 17. Bh6 Rfd8 18. Ne3 Bd3 19. Rfe1 c5 20. Ng4 Rd7
21. Re3 Bf5 22. Rg3 Kh8 23. Ne3 Bg6 24. h4 Rg8 25. Re1 Bf8 26. Bxf8 Rxf8 27. f4
Be4 28. Ng4 f5 29. Nf6 Rd2 30. Rg5 Rxb2 31. Re3 h6 32. Rh5 Rxg2+ 33. Kf1 Rg6
34. Nxe4 fxe4 35. Rxe4 Rc8 36. a4 bxa4 37. Rxa4 c4 38. Ra2 Kg7 39. Rd5 Rg4 40.
Rd4 c3 41. Rc2 Rxh4 42. Kg2 h5 43. Rd3 Rxf4 44. Rcxc3 Rg4+ 45. Kf2 Rxc3 46.
Rxc3 Kg6 47. Rc5 Rg5 48. Rc6+ f6 49. Rc4 Ra5 50. Rb4 Kg5 51. Kg2 f5 52. Rc4
Ra2+ 53. Kf3 Ra3+ 54. Kg2 Re3 55. Ra4 Re4 56. Ra3 h4 57. Rb3 Kg4 58. Rb2 f4 59.
Ra2 f3+ 60. Kg1 h3 61. Ra8 Re1+ 62. Kf2 Re2+ 63. Kf1 h2 64. Rg8+ Kf4 65. Rf8+
Ke4 66. Rf4+ Kd3 67. Rd4+ Kc2 68. Rc4+ Kb2 69. Rb4+ Kc1 70. Rc4+ Kd2 71. Rd4+
Ke3 72. Re4+ Kd2 73. Rd4+ 1/2-1/2

[Event "XXVI C.to Italiano a squadre A1"]
[Site "ITA"]
[Date "1994.??.??"]
[Round "?"]
[White "Ianniello, Riccardo"]
[Black "Micheli, Carlo"]
[Result "1/2-1/2"]
[WhiteElo "2320"]
[BlackElo "2300"]
[PlyCount "107"]
[EventDate "1994.01.30"]

1. e4 d6 2. d4 Nf6 3. Bd3 e5 4. c3 Nc6 5. Ne2 g6 6. O-O Bg7 7. f4 exd4 8. cxd4
O-O 9. Nbc3 Bg4 10. Be3 Nd7 11. h3 Bxe2 12. Bxe2 Ne7 13. Rc1 c6 14. Bf2 Nb6 15.
a4 d5 16. e5 a5 17. Bd3 f6 18. Ne2 Bh6 19. Bh4 fxe5 20. dxe5 Qd7 21. Qb3 Nbc8
22. Rf3 Nf5 23. Bf2 Ng7 24. Rf1 Ne6 25. Be3 Ne7 26. g4 Kh8 27. Kh1 d4 28. Bg1
Nc5 29. Qc4 Qd5 30. Qxd5 Nxd5 31. Bc4 Nc7 32. Bxd4 Nxa4 33. Bb3 c5 34. Bxa4
cxd4 35. Nxd4 Rad8 36. Nb5 Nxb5 37. Bxb5 Rd5 38. Bd3 Rxf4 39. Rxf4 Bxf4 40. Be4
Rxe5 41. Rxf4 g5 42. Rf8+ Kg7 43. Rf5 Rxe4 44. Rxg5+ Kf6 45. Rf5+ Kg6 46. Rb5
a4 47. Kg2 Re3 48. h4 a3 49. Rb6+ Kg7 50. Rxb7+ Kg8 51. bxa3 Rxa3 52. Re7 h6
53. Re4 Kg7 54. Rf4 1/2-1/2

[Event "XXVI C.to Italiano a squadre A1"]
[Site "ITA"]
[Date "1994.??.??"]
[Round "?"]
[White "Iudicello, Giovanni"]
[Black "Trabattoni, Franco"]
[Result "1/2-1/2"]
[WhiteElo "2118"]
[BlackElo "2335"]
[PlyCount "55"]
[EventDate "1994.01.30"]

1. e4 c5 2. Nf3 Nc6 3. d4 cxd4 4. Nxd4 g6 5. Nc3 Bg7 6. Be3 Nf6 7. Bc4 O-O 8.
f3 Qb6 9. Bb3 Nxe4 10. Nd5 Qa5+ 11. c3 Nc5 12. Nxc6 dxc6 13. Nxe7+ Kh8 14. Nxc8
Nxb3 15. axb3 Qe5 16. Kf2 Rfxc8 17. Bd4 Qf4 18. Bxg7+ Kxg7 19. Ra4 Qf6 20. Qd4
Rd8 21. Qxf6+ Kxf6 22. Ke3 Rd5 23. Re1 a6 24. Rf4+ Kg7 25. Re4 Rd7 26. Re2 Rad8
27. Kf2 f5 28. Re6 1/2-1/2

[Event "XXVI C.to Italiano a squadre A1"]
[Site "ITA"]
[Date "1994.??.??"]
[Round "?"]
[White "Iudicello, Massimo"]
[Black "Racioppo, Paolo"]
[WhiteElo "1943"]
[BlackElo "2126"]
[Result "0-1"]
[PlyCount "66"]
[EventDate "1994.01.30"]

1. e4 c5 2. Nf3 d6 3. d4 cxd4 4. Nxd4 Nf6 5. Nc3 a6 6. f4 Qc7 7. Bd3 g6 8. Nf3
Bg7 9. O-O Nbd7 10. a4 b6 11. Qe1 Bb7 12. Kh1 e5 13. Qh4 h6 14. fxe5 dxe5 15.
Be3 g5 16. Qe1 Nh5 17. Nd5 Bxd5 18. exd5 O-O 19. Bxg5 hxg5 20. Nxg5 Ndf6 21.
Qh4 Rfe8 22. Ne4 Qd8 23. Rf5 Nxe4 24. Qxh5 Nf6 25. Qh3 e4 26. Be2 Rc8 27. c3
Rc5 28. c4 e3 29. Re1 Ne4 30. Qxe3 Nd6 31. Qf3 Nxf5 32. Qxf5 Qf6 33. Qb1 Qf2
0-1

[Event "XXVI C.to Italiano a squadre A1"]
[Site "ITA"]
[Date "1994.??.??"]
[Round "?"]
[White "Kovacevic, Vlatko"]
[Black "Gaggiottini, Manfredo"]
[Result "1-0"]
[WhiteElo "2485"]
[BlackElo "2078"]
[PlyCount "51"]
[EventDate "1994.01.30"]

1. d4 g6 2. e4 Nf6 3. e5 Nd5 4. c4 Nb6 5. c5 Nd5 6. Bc4 c6 7. Nc3 Nxc3 8. bxc3
Bg7 9. Nf3 b6 10. Ng5 e6 11. Ne4 O-O 12. Bg5 f6 13. exf6 Bxf6 14. Nxf6+ Rxf6
15. cxb6 axb6 16. O-O Ba6 17. Qe2 Bxc4 18. Qxc4 Na6 19. Qb3 Rb8 20. a4 b5 21.
axb5 Rxb5 22. Bxf6 Qxf6 23. Qa3 Nb8 24. Rfb1 Qf5 25. Rxb5 cxb5 26. Qd6 1-0

[Event "XXVI C.to Italiano a squadre A1"]
[Site "ITA"]
[Date "1994.??.??"]
[Round "?"]
[White "Lantini, Marco"]
[Black "Cresta, Enrico"]
[Result "0-1"]
[WhiteElo "2210"]
[BlackElo "1902"]
[PlyCount "66"]
[EventDate "1994.01.30"]

1. d4 e6 2. c4 d5 3. Nc3 c5 4. cxd5 cxd4 5. Qa4+ Bd7 6. Qxd4 exd5 7. Qe5+ Be6
8. e3 Nf6 9. Bb5+ Nc6 10. Nge2 Bd6 11. Qg5 O-O 12. Nf4 Rc8 13. O-O h6 14. Nxe6
fxe6 15. Qh4 Ne5 16. Ba4 Neg4 17. f4 Qb6 18. Rf3 d4 19. Ne2 Nxe3 20. Bxe3 dxe3
21. Bb3 Kh8 22. Kh1 Rce8 23. Re1 Ne4 24. Ba4 Rd8 25. Nc3 Nf2+ 26. Kg1 Nd3 27.
Re2 Nxf4 28. Rxf4 Rxf4 29. Qh5 Rdf8 30. g3 Rf1+ 31. Kg2 R1f2+ 32. Kh3 Rxe2 33.
Qxe2 Rf2 0-1

[Event "XXVI C.to Italiano a squadre A1"]
[Site "ITA"]
[Date "1994.??.??"]
[Round "?"]
[White "Lantini, Marco"]
[Black "Ferretti, Folco"]
[Result "1-0"]
[WhiteElo "2210"]
[BlackElo "2290"]
[PlyCount "79"]
[EventDate "1994.01.30"]

1. d4 d5 2. c4 c6 3. Nc3 e5 4. dxe5 d4 5. Ne4 Qa5+ 6. Bd2 Qxe5 7. Ng3 c5 8. Nf3
Qc7 9. Qc2 Nc6 10. O-O-O g6 11. e3 Bg7 12. exd4 cxd4 13. Bd3 Nge7 14. Rde1 Be6
15. a3 Ne5 16. Nxe5 Bxe5 17. Kb1 O-O-O 18. Qa4 Nc6 19. Be4 Bd6 20. Bd5 Bxg3 21.
Rxe6 fxe6 22. Bxe6+ Kb8 23. hxg3 Rhf8 24. Bf4 Rxf4 25. gxf4 Qxf4 26. Bd5 Qf5+
27. Ka1 Qd7 28. Qd1 h5 29. Rh4 Qe7 30. Rf4 Qd6 31. Re4 Qf6 32. Re6 Qf4 33. Rxg6
Ne7 34. Qb3 Nxd5 35. cxd5 Qe4 36. Qg3+ Ka8 37. Qd6 Rc8 38. Qc5 Rd8 39. Rd6 Qe8
40. Re6 1-0

[Event "XXVI C.to Italiano a squadre A1"]
[Site "ITA"]
[Date "1994.??.??"]
[Round "?"]
[White "Lantini, Marco"]
[Black "Palmiotto, Fiorentino"]
[Result "1-0"]
[WhiteElo "2210"]
[BlackElo "2210"]
[PlyCount "77"]
[EventDate "1994.01.30"]

1. d4 Nf6 2. c4 g6 3. Nc3 Bg7 4. e4 d6 5. Nf3 O-O 6. Be2 Bg4 7. Be3 h6 8. Qd2
Kh7 9. Rd1 Nbd7 10. e5 Ng8 11. Ng5+ hxg5 12. Bxg4 dxe5 13. h4 Bh8 14. hxg5+ Kg7
15. dxe5 Nxe5 16. Qe2 Qe8 17. Bd4 f6 18. Bxe5 fxe5 19. Qxe5+ Nf6 20. gxf6+ exf6
21. Qxe8 Raxe8+ 22. Kd2 f5 23. Bf3 c6 24. Kc2 Rf7 25. Rhe1 Ref8 26. Na4 Kg8 27.
Nc5 Rc8 28. Re6 Kh7 29. Rd7 Rxd7 30. Nxd7 Bd4 31. Ne5 Rg8 32. Nd3 Rg7 33. b4 a6
34. Rd6 Ba7 35. c5 Bb8 36. Re6 Bc7 37. a4 Bd8 38. Ne5 g5 39. g4 1-0

[Event "XXVI C.to Italiano a squadre A1"]
[Site "ITA"]
[Date "1994.??.??"]
[Round "?"]
[White "Malloni, Marcello"]
[Black "Pagano, Sergio M."]
[Result "1/2-1/2"]
[WhiteElo "2185"]
[BlackElo "2104"]
[PlyCount "114"]
[EventDate "1994.01.30"]

1. d4 d6 2. e4 Nf6 3. Nc3 c6 4. a4 g6 5. h3 Bg7 6. Nf3 O-O 7. Be3 a5 8. Be2 Na6
9. O-O Nb4 10. Qd2 Qc7 11. Rad1 Bd7 12. Rfe1 Rfd8 13. Qc1 Rac8 14. Bf4 b5 15.
e5 Nfd5 16. Nxd5 Nxd5 17. Bg3 h6 18. c3 Nb6 19. axb5 cxb5 20. exd6 exd6 21. Bd3
Nd5 22. Qd2 Re8 23. Rxe8+ Rxe8 24. Re1 Rxe1+ 25. Qxe1 Bc6 26. Nd2 Nf6 27. Qe3
Qb7 28. f3 Nd5 29. Qe1 b4 30. Ne4 bxc3 31. bxc3 Qa7 32. Kh2 a4 33. Bxd6 a3 34.
Qa1 f5 35. Bc4 Kh7 36. Nd2 a2 37. Bc5 Qc7+ 38. Kg1 Qf4 39. Nf1 h5 40. Bxa2 Ne3
41. Qe1 Nxg2 42. Qg3 Qxg3 43. Nxg3 Nf4 44. Kh2 Bxf3 45. Bb1 Bd5 46. Bd6 Bh6 47.
h4 Ng2 48. c4 Bf3 49. Kh3 Ne3 50. Bd3 f4 51. Ne4 Bg4+ 52. Kh2 f3 53. Nf6+ Kg7
54. Nxg4 hxg4 55. Kg3 Nf5+ 56. Bxf5 gxf5 57. Be5+ Kf7 1/2-1/2

[Event "XXVI C.to Italiano a squadre A1"]
[Site "ITA"]
[Date "1994.??.??"]
[Round "?"]
[White "Malloni, Marcello"]
[Black "Petrillo, Agostino"]
[Result "0-1"]
[WhiteElo "2185"]
[BlackElo "2020"]
[PlyCount "64"]
[EventDate "1994.01.30"]

1. e4 c5 2. f4 Nc6 3. Nf3 g6 4. Bb5 Bg7 5. Bxc6 bxc6 6. d3 Rb8 7. Nc3 Nf6 8.
O-O d6 9. Qe1 O-O 10. b3 Ng4 11. h3 Nf6 12. Bd2 Ba6 13. Qh4 c4 14. dxc4 d5 15.
e5 Ne4 16. Rfd1 Qb6+ 17. Kh2 Nxd2 18. Rxd2 Qb4 19. Ne2 dxc4 20. a3 Qc5 21. b4
Qe3 22. Ned4 Bb7 23. Re1 Qxa3 24. f5 Qxb4 25. f6 exf6 26. exf6 Qd6+ 27. Ne5
Bxf6 28. Qg3 Bxe5 29. Rxe5 Rbe8 30. Rde2 Rxe5 31. Qxe5 Qxe5+ 32. Rxe5 Rd8 0-1

[Event "XXVI C.to Italiano a squadre A1"]
[Site "ITA"]
[Date "1994.??.??"]
[Round "?"]
[White "Manca, Federico"]
[Black "Marinelli, Tullio"]
[WhiteElo "2370"]
[BlackElo "2370"]
[Result "1-0"]
[PlyCount "135"]
[EventDate "1994.01.30"]

1. e4 c5 2. c3 Nf6 3. e5 Nd5 4. d4 cxd4 5. Nf3 Nc6 6. cxd4 d6 7. Bc4 Nb6 8. Bb5
dxe5 9. Nxe5 Bd7 10. Bxc6 Bxc6 11. O-O Bd5 12. Qg4 g6 13. Qh4 Bg7 14. Bh6 O-O
15. Bxg7 Kxg7 16. Nc3 e6 17. Qg3 Rc8 18. Rad1 Qd6 19. Rfe1 f6 20. Nd3 Qxg3 21.
hxg3 Kf7 22. Nc5 Rc6 23. b3 Rb8 24. f4 Nc8 25. Nxd5 exd5 26. Rc1 b6 27. Na6
Rxc1 28. Rxc1 Ra8 29. Nc7 Rb8 30. Nxd5 Ke6 31. Ne3 Ne7 32. Rc7 Rd8 33. Rxa7
Rxd4 34. Rb7 Nc8 35. Nc4 Rd1+ 36. Kf2 Ra1 37. a4 Rb1 38. Rb8 Kd7 39. Nxb6+ Kc7
40. Rxc8+ Kxb6 41. Rb8+ Kc7 42. Rb5 f5 43. a5 Kc6 44. Rb6+ Kc7 45. b4 Rb3 46.
b5 Rb2+ 47. Kg1 Rb3 48. Kh2 Rb1 49. Rc6+ Kb7 50. Rc5 Ra1 51. b6 Ka6 52. g4 fxg4
53. f5 gxf5 54. Rxf5 Ra3 55. Rh5 Rb3 56. Rxh7 Kxa5 57. b7 Ka6 58. Rg7 Ka7 59.
Rxg4 Kxb7 60. Rc4 Ra3 61. g4 Kb6 62. g5 Ra5 63. Rg4 Kc7 64. g6 Ra8 65. Kg3 Rg8
66. Kh4 Kd6 67. Kg5 Ke5 68. Rg1 1-0

[Event "XXVI C.to Italiano a squadre A1"]
[Site "ITA"]
[Date "1994.??.??"]
[Round "?"]
[White "Mantovani, Renzo"]
[Black "Di Donna, Massimo"]
[Result "1-0"]
[WhiteElo "2360"]
[BlackElo "2235"]
[PlyCount "47"]
[EventDate "1994.01.30"]

1. Nf3 Nf6 2. d4 d5 3. c4 dxc4 4. e3 e6 5. Bxc4 c5 6. O-O a6 7. Qe2 b5 8. Bd3
Nc6 9. Nc3 Qc7 10. Rd1 Bb7 11. a3 Rd8 12. dxc5 Bxc5 13. b4 Bd6 14. Bb2 Ne5 15.
Nxe5 Bxe5 16. Rac1 Bxh2+ 17. Kh1 Qb8 18. f4 Bg3 19. Bxb5+ axb5 20. Qxb5+ Rd7
21. Ne4 Nd5 22. Bxg7 Qd8 23. Nd6+ Ke7 24. Nxb7 1-0

[Event "XXVI C.to Italiano a squadre A1"]
[Site "ITA"]
[Date "1994.??.??"]
[Round "?"]
[White "Mariani, Stefano"]
[Black "D'Amore, Carlo"]
[Result "0-1"]
[WhiteElo "1893"]
[BlackElo "2420"]
[PlyCount "128"]
[EventDate "1994.01.30"]

1. e4 g6 2. d4 Bg7 3. Nf3 d6 4. Be2 c6 5. a4 Qc7 6. O-O Bg4 7. Be3 Nd7 8. Nc3
a5 9. Qd2 Bxf3 10. Bxf3 Ngf6 11. Rfe1 O-O 12. Rad1 Rfe8 13. g3 e5 14. h3 Nf8
15. dxe5 dxe5 16. Qd6 Qxd6 17. Rxd6 Ne6 18. Ne2 Bf8 19. Rd3 Bc5 20. Red1 Bxe3
21. Rxe3 Rad8 22. Rb1 Rd2 23. b4 Rxc2 24. bxa5 Nc5 25. a6 bxa6 26. Rb6 Rc8 27.
Nc3 a5 28. Bg4 Nxg4 29. hxg4 Kg7 30. g5 h6 31. gxh6+ Kxh6 32. Kg2 Rd8 33. Rxc6
Nxa4 34. Rc7 Rxc3 35. Rcxc3 Nxc3 36. Rxc3 a4 37. Ra3 Rd4 38. f3 Rb4 39. Kf2 Kg5
40. Ra2 f5 41. exf5 gxf5 42. Ke2 Kf6 43. Rc2 a3 44. Rc6+ Kg5 45. Ra6 Rb2+ 46.
Ke3 f4+ 47. gxf4+ exf4+ 48. Kd4 Rd2+ 49. Kc4 a2 50. Kc3 Rf2 51. Kd4 Rd2+ 52.
Kc3 Rf2 53. Kd4 Rxf3 54. Rxa2 Re3 55. Ra8 Re7 56. Rg8+ Kh4 57. Rf8 Kg3 58. Rg8+
Kf2 59. Kd3 f3 60. Rf8 Kg2 61. Rg8+ Kf1 62. Kd2 f2 63. Ra8 Rg7 64. Ke3 Kg1 0-1

[Event "XXVI C.to Italiano a squadre A1"]
[Site "ITA"]
[Date "1994.??.??"]
[Round "?"]
[White "Mariani, Stefano"]
[Black "Fulvi, Fulvio"]
[Result "1-0"]
[WhiteElo "1893"]
[BlackElo "2185"]
[PlyCount "45"]
[EventDate "1994.01.30"]

1. e4 c5 2. Nf3 e6 3. d4 cxd4 4. Nxd4 a6 5. c4 Nf6 6. Bd3 Qc7 7. Be3 Bb4+ 8.
Nd2 O-O 9. O-O d5 10. cxd5 exd5 11. Rc1 Qe7 12. exd5 Bd6 13. N2f3 Nxd5 14. Bg5
Nf6 15. Re1 Qd8 16. Rxc8 Qxc8 17. Bxf6 gxf6 18. Nf5 Rd8 19. N3d4 Bf8 20. Qh5 h6
21. Nxh6+ Bxh6 22. Qxh6 Qg4 23. Bh7+ 1-0

[Event "XXVI C.to Italiano a squadre A1"]
[Site "ITA"]
[Date "1994.??.??"]
[Round "?"]
[White "Marinelli, Tullio"]
[Black "Alexandre, Jorge"]
[Result "1-0"]
[WhiteElo "2370"]
[BlackElo "2305"]
[PlyCount "62"]
[EventDate "1994.01.30"]

1. d4 Nf6 2. c4 g6 3. Nc3 d5 4. Nf3 Bg7 5. Qb3 dxc4 6. Qxc4 O-O 7. e4 c6 8. Qb3
b6 9. h3 Bb7 10. e5 Nd5 11. Nxd5 Qxd5 12. Bc4 Qe4+ 13. Be3 Ba6 14. Bxf7+ Kh8
15. Ng5 Qd3 16. Qxd3 Bxd3 17. Bb3 h6 18. Ne6 Rc8 19. Nf4 Bf5 20. g4 Be4 21. f3
g5 22. fxe4 gxf4 23. Bxf4 Na6 24. Rd1 Rf8 25. O-O Rad8 26. Rd2 Nc7 27. d5 cxd5
28. exd5 Na6 29. Bg3 Nc5 30. Bc2 Nd7 31. Re2 Nxe5 1-0

[Event "XXVI C.to Italiano a squadre A1"]
[Site "ITA"]
[Date "1994.??.??"]
[Round "?"]
[White "Marinelli, Tullio"]
[Black "Tassi, Oliviero"]
[Result "0-1"]
[WhiteElo "2370"]
[BlackElo "2320"]
[PlyCount "58"]
[EventDate "1994.01.30"]

1. d4 Nf6 2. c4 c5 3. d5 b5 4. a4 bxc4 5. Nc3 d6 6. e4 g6 7. Bxc4 Bg7 8. h3 O-O
9. Nf3 Nbd7 10. a5 Rb8 11. O-O Rb4 12. Qd3 Nh5 13. b3 f5 14. exf5 Rxf5 15. Bd2
Nf4 16. Qe3 Qf8 17. Rae1 Nxh3+ 18. Kh2 Ne5 19. Nxe5 Bxe5+ 20. g3 Rf3 21. Qe2
Bxc3 22. Bxc3 Rxc3 23. Qxe7 Rb7 24. Qh4 Rf3 25. Kh1 Nxf2+ 26. Kg2 Rbf7 27. Re6
Nd3 28. Rxf3 Rxf3 29. Bxd3 Bxe6 0-1

[Event "XXVI C.to Italiano a squadre A1"]
[Site "ITA"]
[Date "1994.??.??"]
[Round "?"]
[White "Millin, Paolo"]
[Black "Cresta, Enrico"]
[WhiteElo "1904"]
[BlackElo "1902"]
[Result "1-0"]
[PlyCount "75"]
[EventDate "1994.01.30"]

1. d4 d5 2. Nf3 e6 3. e3 c5 4. b3 cxd4 5. exd4 Nf6 6. Bd3 Nc6 7. a3 Bd6 8. Bb2
O-O 9. O-O a6 10. Nbd2 Re8 11. Ne5 h6 12. c4 Bf8 13. Rc1 Bd7 14. Re1 Ne7 15.
Ndf3 Nc8 16. Nxd7 Nxd7 17. Qc2 Ne7 18. Re3 Rc8 19. Qb1 Nc6 20. Rce1 Nf6 21. h3
Qd6 22. c5 Qf4 23. g3 Qc7 24. b4 Nd7 25. Kg2 b5 26. h4 Qd8 27. Rh1 Qf6 28. Nh2
g6 29. f4 Qg7 30. Nf3 Be7 31. Rhe1 Nf6 32. Ne5 Nh7 33. Qd1 Bd8 34. Qf3 Nf6 35.
Kh3 g5 36. g4 gxh4 37. g5 Nh7 38. gxh6 1-0

[Event "XXVI C.to Italiano a squadre A1"]
[Site "ITA"]
[Date "1994.??.??"]
[Round "?"]
[White "Monteleone, Antonio"]
[Black "Ricci, Marco"]
[Result "1/2-1/2"]
[WhiteElo "2099"]
[BlackElo "2320"]
[PlyCount "94"]
[EventDate "1994.01.30"]

1. d4 Nf6 2. Nf3 g6 3. Bg5 Bg7 4. Nbd2 d5 5. e3 Nbd7 6. Be2 O-O 7. O-O c5 8. c3
b6 9. b4 a5 10. bxc5 bxc5 11. Rb1 Ba6 12. Bxa6 Rxa6 13. Qa4 Qc7 14. h3 Rc8 15.
Bf4 Qc6 16. Qxc6 Rcxc6 17. Ne5 Rcb6 18. Rxb6 Rxb6 19. Rb1 Rxb1+ 20. Nxb1 Nxe5
21. Bxe5 Nd7 22. Bc7 a4 23. Nd2 e5 24. dxc5 Nxc5 25. Bd6 Nb7 26. Bb4 f5 27. Kf1
Kf7 28. c4 Ke6 29. Ke2 Nd6 30. cxd5+ Kxd5 31. f3 Nc4 32. Nb1 Nb6 33. Ba5 Nc4
34. Bb4 Nb6 35. Nd2 e4 36. fxe4+ fxe4 37. Nb1 Kc4 38. Bd2 Nd5 39. Ba5 Nc3+ 40.
Nxc3 Bxc3 41. Bc7 Bf6 42. Kd2 Bg5 43. Be5 Bh6 44. Bd4 Kb4 45. Kc2 Bf8 46. Kb2
Kc4 47. Kc2 Bb4 1/2-1/2

[Event "XXVI C.to Italiano a squadre A1"]
[Site "ITA"]
[Date "1994.??.??"]
[Round "?"]
[White "Monteleone, Antonio"]
[Black "Ventura, Boris"]
[WhiteElo "2099"]
[BlackElo "2020"]
[Result "1-0"]
[PlyCount "77"]
[EventDate "1994.01.30"]

1. d4 g6 2. e4 d6 3. Nc3 Nf6 4. Bg5 c6 5. Qd2 b5 6. Bxf6 exf6 7. Bd3 Bg7 8.
Nge2 b4 9. Nd1 a5 10. O-O Ba6 11. Ne3 O-O 12. f4 d5 13. e5 fxe5 14. fxe5 Qg5
15. Rf4 f5 16. Raf1 Bh6 17. R4f3 Qd8 18. Kh1 c5 19. Bxa6 Nxa6 20. dxc5 Bxe3 21.
Qxe3 Qe7 22. Nd4 Qxc5 23. e6 Ra7 24. Qe5 Rg7 25. g4 Qc7 26. Qxd5 Re7 27. Nc6 f4
28. Nxe7+ Qxe7 29. Rxf4 Rxf4 30. Rxf4 Nc7 31. Qd7 Qxe6 32. Qxc7 Qe1+ 33. Kg2
Qe2+ 34. Kg1 Qe1+ 35. Rf1 Qe3+ 36. Rf2 Qe1+ 37. Kg2 Qe4+ 38. Kh3 Qe3+ 39. Qg3
1-0

[Event "XXVI C.to Italiano a squadre A1"]
[Site "ITA"]
[Date "1994.??.??"]
[Round "?"]
[White "Negrini, Claudio"]
[Black "Pietralunga, Nicola"]
[WhiteElo "2108"]
[BlackElo "1993"]
[Result "1-0"]
[PlyCount "71"]
[EventDate "1994.01.30"]

1. e4 e6 2. d4 d5 3. e5 c5 4. c3 Ne7 5. Nf3 Nec6 6. Bd3 b6 7. Bg5 Be7 8. Bxe7
Qxe7 9. Na3 O-O 10. h4 h6 11. Nc2 Ba6 12. h5 Bxd3 13. Qxd3 cxd4 14. Ncxd4 Nxd4
15. Nxd4 Nd7 16. Qe3 Qg5 17. f4 Qe7 18. g4 Nc5 19. g5 Ne4 20. Rg1 Kh7 21. O-O-O
Rac8 22. Kb1 b5 23. Nxb5 Qb7 24. Nd6 Nxd6 25. exd6 Qd7 26. Qd3+ g6 27. gxh6 Rg8
28. Rg4 f5 29. Rxg6 Qxd6 30. Qxf5 exf5 31. Rxd6 Rcd8 32. R1xd5 Rg1+ 33. Kc2
Rg2+ 34. Rd2 Rxd6 35. Rxg2 Kxh6 36. Rg6+ 1-0